| 000 | 00586 a2200181 4500 | ||
|---|---|---|---|
| 999 |
_c2124 _d2124 |
||
| 020 | _a9780071220828 | ||
| 050 | _aHF 5387 HAR 2009 | ||
| 100 |
_aHartman, Laura P. _eauthor |
||
| 245 |
_aBusiness Ethics : _bdecision-making for personal integrity and social responsibility / _cLaura Hartman and Joe DesJardins |
||
| 250 | _a2nd ed. | ||
| 264 |
_aNew York: _bMcGraw-Hill Education, _c2010 |
||
| 300 |
_axvi. 608 p.: _bill.(col.) . |
||
| 500 | _aincludes indexes | ||
| 650 | _aBusiness ethics. | ||
| 651 | _abusiness | ||
| 700 |
_aJoe Desjardins _eauthor |
||
| 942 |
_2lcc _cBK _h5387 _iHAR _kHF |
||